शिक्षा मनोविज्ञान (Record no. 1414)

MARC details
000 -LEADER
fixed length control field 01214 a2200217 4500
005 - DATE AND TIME OF LATEST TRANSACTION
control field 20080909103750.0
008 - FIXED-LENGTH DATA ELEMENTS--GENERAL INFORMATION
fixed length control field 080909t xxu||||| |||| 00| 0 hin d
010 ## - LIBRARY OF CONGRESS CONTROL NUMBER
LC control number HIN-79234
020 ## - INTERNATIONAL STANDARD BOOK NUMBER
International Standard Book Number 8188099406
Terms of availability 450.00
035 ## - SYSTEM CONTROL NUMBER
System control number HN-51580
037 ## - SOURCE OF ACQUISITION
Source of stock number/acquisition D. B. Act. / ven
082 ## - DEWEY DECIMAL CLASSIFICATION NUMBER
Classification number 370.15
100 ## - MAIN ENTRY--PERSONAL NAME
Personal name चौबे, सरयू प्रसाद
245 ## - TITLE STATEMENT
Title शिक्षा मनोविज्ञान
Statement of responsibility, etc सरयू प्रसाद चौबे
260 ## - PUBLICATION, DISTRIBUTION, ETC. (IMPRINT)
Place of publication, distribution, etc जयपुर
Name of publisher, distributor, etc अनु प्रकाशन
Date of publication, distribution, etc 2006
270 ## - ADDRESS
City जयपुर
Address 958,धामाणी मार्केट की गली, चौड़ा रास्ता
300 ## - PHYSICAL DESCRIPTION
Extent 463पृ
Dimensions 22 सेमी (सजिल्द)
942 ## - ADDED ENTRY ELEMENTS (KOHA)
Institution code [OBSOLETE] dpl
Koha item type Hindi Books
Call number prefix 370.15 / चौबेस
Source of classification or shelving scheme Dewey Decimal Classification
Classification part 370.15
Call number suffix चौबेस
Holdings
Withdrawn status Lost status Damaged status Not for loan Collection code Home library Current library Date acquired Cost, normal purchase price Total Checkouts Full call number Barcode Date last seen Copy number Uniform Resource Identifier Cost, replacement price Price effective from Koha item type Source of classification or shelving scheme Source of acquisition Date checked out
      Not For Loan Non-fiction D.B.Act.Division D.B.Act.Division 09/09/2008 450.00   370.15 चौबेस HN-51580 15/09/2008 1 1486 450.00 15/09/2008 Hindi Books      
        Non-fiction Vinoba Puri Vinoba Puri 06/10/2008 450.00 1 370.15 चौबेस B-284085 09/01/2010 1   450.00 06/10/2008 Hindi Books Dewey Decimal Classification BPPD / 04/01/2010

© Delhi Public Library
Hit Counter
free hit counter